Praktisches deutsch-italienisch Hilfswörterbüchlein : samt Schlüssel zu "Italienisch leicht gemacht" /

Bibliographic Details
Main Author: Mariani, A.
Format: Book
Language:German
Italian
Language Notes:In German and Italian.
Published: Leipzig : Gustav Weigel, [188-?]
Subjects:

MARC

Tag First Indicator Second Indicator Subfields
LEADER 00000cam a2200000 i 4500
001 in00004365921
005 20211015163058.0
008 210329s188u gw d 000 0 ger d
035 |a (OCoLC)on1243629913 
040 |a TXA  |b eng  |e rda  |c TXA 
035 |a (OCoLC)1243629913 
041 0 |a ger  |a ita 
050 4 |a PC1129.G3  |b M37 1880z 
049 |a TXAM 
100 1 |a Mariani, A. 
245 1 0 |a Praktisches deutsch-italienisch Hilfswörterbüchlein :  |b samt Schlüssel zu "Italienisch leicht gemacht" /  |c von A. Mariani. 
264 1 |a Leipzig :  |b Gustav Weigel,  |c [188-?] 
300 |a 95 pages, 1 unnumbered page ;  |c 15 cm 
336 |a text  |b txt  |2 rdacontent 
337 |a unmediated  |b n  |2 rdamedia 
338 |a volume  |b nc  |2 rdacarrier 
546 |a In German and Italian. 
500 |a The parent work, Italienisch leicht gemacht by A. Mariani, was published by the same publisher in 1886. 
500 |a "Enthaltend die Übersetzung der darin vorkommenden italien. Übungsaufgaben und diened andererseits als Unleitung zum Übersetzen aus dem Deutschen in's Italienische." 
650 0 |a Italian language  |v Textbooks for foreign speakers  |x German. 
650 0 |a Italian language  |v Conversation and phrase books. 
700 1 |a Mariani, A.  |t Italienisch leicht gemacht. 
948 |a cataloged  |b h  |c 2021/10/15  |d o  |e fpiscitelli  |f 4:29:49 pm 
994 |a C0  |b TXA 
999 f f |s 1e79e64d-9c6a-366d-9e7c-14af1c533800  |i d99d06eb-e7e0-3e8c-86b8-6189494fcf30  |t 0 
952 f f |p noncirc  |a Texas A&M University  |b College Station  |c Cushing Memorial Library & Archives  |d Cushing: Rare Books (Does not check out)  |t 0  |e PC1129.G3 M37 1880z  |h Library of Congress classification  |i unmediated -- volume 
998 f f |a PC1129.G3 M37 1880z  |t 0  |l Cushing: Rare Books (Does not check out)